logo

Bir Sreshtho Munshi Abdur Rouf Library
Jhenaidah Cadet College

এ্যারিষ্টটল -এর পলিটিকস / (Record no. 1365)

MARC details
000 -LEADER
fixed length control field 00703nam a2200229 a 4500
001 - CONTROL NUMBER
JCCL Control Number 1365
003 - CONTROL NUMBER IDENTIFIER
JCCL marc code BD-JhCC
005 - DATE AND TIME OF LATEST TRANSACTION
control field 20171022132020.0
008 - FIXED-LENGTH DATA ELEMENTS--GENERAL INFORMATION
fixed length control field 171018s2009 bg |||| ||a| 000 0 ben d
020 ## - INTERNATIONAL STANDARD BOOK NUMBER
International Standard Book Number 9844101204
035 ## - SYSTEM CONTROL NUMBER
system control number (BD-JhCC) 1365
040 ## - CATALOGING SOURCE
Original cataloging agency BD-JhCC
Modifying agency BD-JhCC
041 ## - LANGUAGE CODE
Language code of Book ben
082 ## - DEWEY DECIMAL CLASSIFICATION NUMBER
Classification number 320.1
Author mark and Year KAR 2009
100 ## - MAIN ENTRY--PERSONAL NAME
Personal name করিম, সরদার ফজলুল
245 ## - TITLE STATEMENT
Title এ্যারিষ্টটল -এর পলিটিকস /
Statement of responsibility, etc সরদার ফজলুল করিম
260 ## - PUBLICATION, DISTRIBUTION, ETC. (IMPRINT)
Place of publication, distribution, etc ঢাকা :
Name of publisher, distributor, etc মাওলা ব্রাদার্স
Date of publication, distribution, etc 2009
300 ## - PHYSICAL DESCRIPTION
Pagination 341 p .:
Dimensions 22 cm .
650 ## - SUBJECT ADDED ENTRY--TOPICAL TERM
Topical term or geographic name as entry element Political science
942 ## - ADDED ENTRY ELEMENTS (KOHA)
Source of classification or shelving scheme Dewey Decimal Classification
Koha item type Books
Holdings
Source of classification or shelving scheme Damaged status Not for loan Home library Current library Shelving location Date of accession Cost, normal purchase price Total Checkouts Full call number Barcode Date last seen Date checked out Copy number Koha item type
Dewey Decimal Classification     JCC Rouf Library JCC Rouf Library General Stacks 10/18/2017 250.00 1 320.1 KAR 2009 2411 09/01/2024 08/28/2024 C-1 Books

JCC Library | Contacts | JCC Home

Last Update on 23 September 2017
Copyright @ 2017-2020 JCC Rouf Library
Rouf Library, Jhenidah Cadet College (JCC), Bangladesh